Which Body of Water Doesn't Border that Country's Territory? - Statistics

General Stats
  • This quiz has been taken 25 times
    22 since last reset
  • The average score is 10 of 12
Answer Stats
Question Answer % Correct
Which of these bodies of water doesn't border a British territory? Gulf of Aden
100%
Which of these bodies of water doesn't border a British territory? Persian Gulf
100%
Which of these bodies of water doesn't border a French territory? Red Sea
100%
Which of these bodies of water didn't border a Dutch territory in 1940? Bay of Biscay
90%
Which of these bodies of water doesn't border a Danish territory? Gulf of Finland
90%
Which of these bodies of water doesn't border an Australian territory? South China Sea
90%
Which of these bodies of water doesn't border a U.S. territory? Gulf of California
85%
Which of these bodies of water doesn't border a Norwegian territory? Bering Sea
80%
Which of these bodies of water didn't border a Spanish territory in 1960? Gulf of Mexico
80%
Which of these bodies of water doesn't border a French territory? Bay of Bengal
75%
Which of these bodies of water didn't border a Japanese territory in 1942? Laccadive Sea
70%
Which of these bodies of water didn't border a Portuguese territory in 1960? Amazon Delta
65%
No matching quizzes found
Score Distribution
Percent of People with Each Score
Percentile by Number Answered
Your Score History
You have not taken this quiz since the last reset